000 01811nam2a22003731 4500
001 RU\NLR\A1SV\80303
005 20251203152403.2
035 _a(NLR Aleph) 009761747
090 _a13483407
_c13483407
100 _a20070627d1925 u y0rusy50 ca
101 0 _arus
200 0 _aСб.3
215 _aТверь
_cТвер. отд-ние Всерос. союза поэтов
_d1925
215 _a39 с.
300 _aДва тит. л.
300 _aНа обл. и на 2-м тит. л. загл.: Лирика неоклассики
327 0 _aАвт.: Варвара Бутягина, Н.Власов-Окский, Екатерина Волчанецкая, Екатерина Герцог, Вл. Гиляровский, Г.Гольд, Г.Дешкин, М.Дудоров, В.Ещин, Н.Захаров и др.
461 1 _1001RU\NLR\A1SV\80300
_12000#$vСб.3
_910021448
_cМ.
_d1922-1925
_nНеоклассики
_oСтихи
_tЛирика
_vСб.3
512 1 _aЛирика неоклассики
702 1 _aВолчанецкая
_bЕ. Д.
_f1881-
_gЕкатерина Дмитриевна
702 1 _aБутягина
_bВ. А.
_f1901-1929
_gВарвара Александровна
702 1 _aГиляровский
_bВ. А.
_f1853-1935
_gВладимир Алексеевич
702 1 _aДешкин
_bГ.
_gГеоргий
702 1 _aВласов-Окский
_bН. С.
_f1888-1947
_gНИколай Степанович
702 1 _aГерцог
_bЕ. С.
_f1884-1957?
_gЕкатерина Сергеевна
702 1 _aГольд
_bГ.
702 1 _aДудоров
_bМ. С.
_f1892-1956
_gМатвей Семенович
702 1 _aЕщин
_bВ.
702 1 _aЗахаров
_bН.
801 0 _aRU
_bNLR
_c20070627
942 _cBOOK
980 _aA1SV
980 _aNB